000 00713nam 22002293 4500
001 199766
010 _a978-989-682-918-6
021 _aPT
_b519250/23
090 _a199766
100 _a20260107d u||y0pory50 ba
200 _aOs mares do Sul
_eadaptação do romance de Manuel Vásquez Montalbán
_fHernán Migoya, Bartolomé Seguí
_gtradução Carlos Xavier
210 _a[S.l]
_cLevoir
_dD.L. 2023
215 _a[86] p.
_cil. ; encadernado
_d20 cm
225 _aNovela Gráfica
606 _91586
_aDesenho Artístico
610 _aBanda desenhada
675 _a74
_vPT
_zpor
700 _915564
_aMigoya
_bHernán
701 _915565
_aSeguí
_bBartolomé
801 _aPT
_bBMMN
_gRPC
830 _cisabel
990 _cLIVROS